000 00839nam a2200265 i 4500
001 bg
100 1 _aSIEMIŃSKI, Marek
245 1 0 _aŚrodowiskowe zagrożenia zdrowia /
_cMarek Siemiński.
260 _aWarszawa :
_bWydaw. Naukowe PWN,
_c2001.
300 _a659, [1] s. :
_bil. ;
_c24 cm.
490 1 _aŚrodowisko
504 _aBibliogr. przy rozdz.
650 9 _aDegradacja środowiska
_xwpływ na zdrowie
650 9 _aMedycyna społeczna
655 _aPodręczniki akademickie
830 _aŚrodowisko
020 _a8301135611
040 _cBPK
041 0 _apl
080 _a616-058:614.7](075.8)
920 _a83-01-13561-1
942 _cKS
008 s pl f |000 0 pol
999 _c41121
_d41121
856 _uhttp://koha.tu.koszalin.pl/cgi-bin/koha/opac-detail.pl?biblionumber=41121
_yKatalog online BPK